[Event "European Individual Championship - Reyk"]
[Site "Reykjavik, Iceland"]
[Date "2021.08.27"]
[Round "2.6"]
[White "Ferreira, Jorge Viterbo"]
[Black "Abasov, Nijat"]
[Result "1/2-1/2"]
[WhiteElo "2520"]
[BlackElo "2656"]
[PlyCount "135"]
[EventDate "2021.??.??"]

1. c4 {[%emt 0:00:07]} e5 {[%emt 0:00:32]} 2. g3 {[%emt 0:00:15]} Nf6 {[%emt 0:
03:23]} 3. Bg2 {[%emt 0:00:12]} c6 {[%emt 0:00:48]} 4. Nf3 {[%emt 0:01:18]} e4
{[%emt 0:00:37]} 5. Nd4 {[%emt 0:00:12]} Qb6 {[%emt 0:01:54]} 6. Nb3 {[%emt 0:
01:36]} a5 {[%emt 0:03:21]} 7. d3 {[%emt 0:02:23]} a4 {[%emt 0:02:55]} 8. N3d2
{[%emt 0:00:40]} Bc5 {[%emt 0:03:54]} 9. O-O {[%emt 0:19:33]} e3 {[%emt 0:03:
00]} 10. fxe3 {[%emt 0:01:00]} Bxe3+ {[%emt 0:00:08]} 11. Kh1 {[%emt 0:00:26]}
Ng4 {[%emt 0:02:32]} 12. Ne4 {[%emt 0:06:40]} O-O {[%emt 0:04:46]} 13. Nbc3 {
[%emt 0:14:15]} f5 {[%emt 0:04:40]} 14. h3 {[%emt 0:06:43]} Nh6 {[%emt 0:17:06]
} 15. c5 {[%emt 0:05:41]} Bxc5 16. Nxc5 {[%emt 0:06:42]} Qxc5 {[%emt 0:00:08]}
17. Bxh6 {[%emt 0:02:52]} gxh6 {[%emt 0:00:10]} 18. Nxa4 {[%emt 0:00:39]} Qb5 {
[%emt 0:00:31]} 19. b3 {[%emt 0:00:40]} Ra6 {[%emt 0:18:33]} 20. Qd2 {[%emt 0:
03:20]} Qe5 {[%emt 0:00:10]} 21. d4 {[%emt 0:05:08]} Qg7 {[%emt 0:01:35]} 22.
e4 {[%emt 0:02:14]} d6 {[%emt 0:01:25]} 23. exf5 {[%emt 0:01:23]} Bxf5 {
[%emt 0:06:03]} 24. g4 {[%emt 0:02:04]} Bg6 {[%emt 0:00:11]} 25. Rxf8+ {
[%emt 0:01:33]} Qxf8 {[%emt 0:01:38]} 26. Rf1 {[%emt 0:01:01]} Qe7 {[%emt 0:02:
40]} 27. Re1 {[%emt 0:05:06]} Qg5 {[%emt 0:06:52]} 28. Qb4 {[%emt 0:05:47]} Qa5
{[%emt 0:00:07]} 29. Qc4+ {[%emt 0:00:47]} d5 {[%emt 0:00:09]} 30. Qf1 {
[%emt 0:01:45]} b5 {[%emt 0:02:43]} 31. Nc5 {[%emt 0:00:50]} Ra7 {[%emt 0:00:
06]} 32. Re6 {[%emt 0:01:56]} Qd2 {[%emt 0:03:01]} 33. Qf6 {[%emt 0:00:49]} Qg5
{[%emt 0:00:03]} 34. Qf2 {[%emt 0:00:48]} Qd8 {[%emt 0:04:51]} 35. a4 {[%emt 0:
00:34]} bxa4 {[%emt 0:01:11]} 36. bxa4 Bf7 {[%emt 0:04:36]} 37. Rf6 {[%emt 0:
01:31]} Qe8 {[%emt 0:01:33]} 38. Qf4 {[%emt 0:00:29]} Nd7 {[%emt 0:00:36]} 39.
Nxd7 {[%emt 0:00:29]} Qxd7 {[%emt 0:00:06]} 40. Qb8+ {[%emt 0:00:25]} Kg7 {
[%emt 0:00:09]} 41. Qe5 {[%emt 0:05:05]} Kg8 {[%emt 0:00:11]} 42. Rd6 {[%emt 0:
03:09]} Qe7 {[%emt 0:02:03]} 43. Rxc6 {[%emt 0:04:58]} Qxe5 {[%emt 0:00:15]}
44. dxe5 {[%emt 0:00:07]} Rxa4 {[%emt 0:00:06]} 45. e6 {[%emt 0:01:25]} Bg6 {
[%emt 0:00:49]} 46. Bxd5 {[%emt 0:02:37]} Be4+ {[%emt 0:00:47]} 47. Bxe4 {
[%emt 0:00:08]} Rxe4 {[%emt 0:00:11]} 48. Kg2 {[%emt 0:00:26]} Kg7 {[%emt 0:01:
40]} 49. Kf3 {[%emt 0:00:48]} Re1 {[%emt 0:00:11]} 50. Kf4 {[%emt 0:06:20]} Kf6
{[%emt 0:00:35]} 51. e7+ {[%emt 0:03:18]} Kg7 {[%emt 0:00:09]} 52. Rc7 {
[%emt 0:00:30]} Kf6 {[%emt 0:00:15]} 53. Rc6+ {[%emt 0:02:43]} Kg7 {[%emt 0:00:
08]} 54. Rc7 {[%emt 0:00:14]} Kf6 {[%emt 0:00:11]} 55. Kg3 {[%emt 0:00:10]} h5
{[%emt 0:07:34]} 56. Rc6+ {[%emt 0:03:31]} Kg7 {[%emt 0:00:11]} 57. g5 {
[%emt 0:00:57]} Rxe7 {[%emt 0:00:08]} 58. Kh4 {[%emt 0:00:08]} Re3 {[%emt 0:00:
10]} 59. Rc7+ {[%emt 0:00:18]} Kg6 {[%emt 0:00:09]} 60. Rc6+ {[%emt 0:00:05]}
Kg7 {[%emt 0:00:04]} 61. Rh6 {[%emt 0:00:23]} Ra3 {[%emt 0:00:21]} 62. Rxh5 {
[%emt 0:00:41]} Ra4+ {[%emt 0:00:16]} 63. Kg3 {[%emt 0:00:05]} Ra3+ {[%emt 0:
00:10]} 64. Kg4 {[%emt 0:00:19]} Ra4+ {[%emt 0:00:08]} 65. Kf5 {[%emt 0:00:20]}
Ra5+ {[%emt 0:00:07]} 66. Kg4 {[%emt 0:00:05]} Ra4+ {[%emt 0:00:07]} 67. Kf5 {
[%emt 0:00:05]} Ra5+ {[%emt 0:00:05]} 68. Kg4 {[%emt 0:00:05]} 1/2-1/2

[Event "European Individual Championship - Reyk"]
[Site "Reykjavik, Iceland"]
[Date "2021.08.27"]
[Round "2.7"]
[White "Mamedov, Rauf"]
[Black "Petrov, Martin"]
[Result "1/2-1/2"]
[WhiteElo "2654"]
[BlackElo "2521"]
[PlyCount "49"]
[EventDate "2021.??.??"]

1. Nf3 c5 {[%emt 0:02:07]} 2. g3 {[%emt 0:00:04]} Nc6 {[%emt 0:01:04]} 3. d4 {
[%emt 0:00:04]} cxd4 {[%emt 0:02:04]} 4. Nxd4 {[%emt 0:01:25]} g6 {[%emt 0:00:
07]} 5. Nxc6 {[%emt 0:00:03]} dxc6 {[%emt 0:17:22]} 6. Qxd8+ {[%emt 0:00:07]}
Kxd8 {[%emt 0:00:03]} 7. e4 {[%emt 0:00:05]} h5 {[%emt 0:10:22]} 8. h3 {
[%emt 0:11:59]} Bh6 {[%emt 0:01:41]} 9. Bxh6 {[%emt 0:19:41]} Nxh6 {[%emt 0:00:
29]} 10. Nd2 {[%emt 0:00:10]} Kc7 {[%emt 0:05:24]} 11. f4 {[%emt 0:07:50]} Be6
{[%emt 0:13:38]} 12. Nf3 {[%emt 0:03:06]} Rad8 {[%emt 0:01:05]} 13. Bd3 {
[%emt 0:01:33]} f6 {[%emt 0:01:46]} 14. Kf2 {[%emt 0:07:52]} c5 {[%emt 0:03:49]
} 15. b3 {[%emt 0:01:45]} a6 {[%emt 0:01:29]} 16. Rae1 {[%emt 0:00:35]} b5 {
[%emt 0:02:55]} 17. Ke3 {[%emt 0:19:03]} Rhg8 {[%emt 0:02:58]} 18. Kf2 {
[%emt 0:07:56]} Rg7 {[%emt 0:05:34]} 19. Be2 {[%emt 0:01:42]} Bc8 {[%emt 0:05:
47]} 20. Bd3 {[%emt 0:01:05]} Be6 {[%emt 0:00:10]} 21. Rd1 {[%emt 0:01:01]} g5
{[%emt 0:05:34]} 22. Be2 {[%emt 0:04:38]} Rxd1 {[%emt 0:05:26]} 23. Bxd1 Bc8 {
[%emt 0:01:08]} 24. fxg5 {[%emt 0:05:46]} fxg5 {[%emt 0:00:06]} 25. Ne5 {
[%emt 0:00:25]} 1/2-1/2

[Event "European Individual Championship - Reyk"]
[Site "Reykjavik, Iceland"]
[Date "2021.08.27"]
[Round "2.8"]
[White "Sarana, Alexey"]
[Black "Hjartarson, Johann"]
[Result "1-0"]
[WhiteElo "2643"]
[BlackElo "2519"]
[PlyCount "45"]
[EventDate "2021.??.??"]

1. d4 d6 {[%emt 0:01:04]} 2. Nf3 {[%emt 0:00:32]} Bg4 {[%emt 0:01:22]} 3. e4 {
[%emt 0:01:04]} Nf6 {[%emt 0:00:25]} 4. Nc3 {[%emt 0:00:18]} e6 {[%emt 0:00:15]
} 5. h3 {[%emt 0:00:15]} Bh5 {[%emt 0:00:06]} 6. Qe2 {[%emt 0:00:07]} c6 {
[%emt 0:00:58]} 7. g4 {[%emt 0:00:24]} Bg6 {[%emt 0:00:07]} 8. h4 {[%emt 0:00:
32]} h5 {[%emt 0:03:47]} 9. g5 {[%emt 0:00:23]} Nfd7 {[%emt 0:00:06]} 10. d5 {
[%emt 0:01:35]} e5 {[%emt 0:04:15]} 11. Be3 {[%emt 0:06:00]} cxd5 {[%emt 0:04:
31]} 12. exd5 {[%emt 0:01:19]} Be7 {[%emt 0:00:09]} 13. Bh3 {[%emt 0:00:16]} a6
{[%emt 0:00:43]} 14. O-O-O {[%emt 0:07:46]} b5 {[%emt 0:06:23]} 15. Nd2 {
[%emt 0:01:35]} Qc7 {[%emt 0:05:45]} 16. f4 {[%emt 0:13:35]} exf4 {[%emt 0:02:
19]} 17. Bxf4 {[%emt 0:00:02]} Nb6 {[%emt 0:01:11]} 18. Rhe1 {[%emt 0:04:00]}
Ra7 {[%emt 0:02:13]} 19. Qxe7+ {[%emt 0:11:33]} Qxe7 {[%emt 0:00:07]} 20. Bxd6
{[%emt 0:00:03]} b4 {[%emt 0:07:20]} 21. Bxb4 {[%emt 0:00:35]} Kd8 {[%emt 0:08:
40]} 22. Rxe7 {[%emt 0:00:24]} Rxe7 {[%emt 0:00:07]} 23. Ba5 {[%emt 0:00:07]}
1-0

[Event "European Individual Championship - Reyk"]
[Site "Reykjavik, Iceland"]
[Date "2021.08.27"]
[Round "2.9"]
[White "Stefansson, Hannes"]
[Black "Deac, Bogdan-Daniel"]
[Result "1/2-1/2"]
[WhiteElo "2519"]
[BlackElo "2639"]
[PlyCount "117"]
[EventDate "2021.??.??"]

1. d4 {[%emt 0:00:06]} Nf6 {[%emt 0:00:09]} 2. c4 {[%emt 0:00:27]} e6 {[%emt 0:
00:02]} 3. Nf3 {[%emt 0:00:38]} d5 {[%emt 0:00:08]} 4. g3 {[%emt 0:00:55]} Be7
{[%emt 0:01:24]} 5. Bg2 {[%emt 0:00:42]} O-O {[%emt 0:00:05]} 6. O-O {[%emt 0:
01:33]} dxc4 {[%emt 0:00:30]} 7. Qc2 {[%emt 0:01:59]} b6 {[%emt 0:07:41]} 8.
Bg5 {[%emt 0:04:45]} Nd5 {[%emt 0:00:13]} 9. Bxe7 {[%emt 0:00:32]} Qxe7 {
[%emt 0:00:03]} 10. Ne5 {[%emt 0:04:08]} Bb7 {[%emt 0:04:00]} 11. Qxc4 {
[%emt 0:04:00]} c5 {[%emt 0:00:22]} 12. Nc3 {[%emt 0:03:26]} Nxc3 {[%emt 0:00:
42]} 13. Qxc3 {[%emt 0:01:01]} f6 {[%emt 0:02:57]} 14. Bxb7 {[%emt 0:07:44]}
Qxb7 15. Nd3 {[%emt 0:02:23]} cxd4 {[%emt 0:02:30]} 16. Qxd4 {[%emt 0:00:06]}
Nc6 {[%emt 0:04:27]} 17. Qe4 {[%emt 0:02:57]} Nd8 {[%emt 0:00:30]} 18. Qxb7 {
[%emt 0:01:47]} Nxb7 {[%emt 0:00:35]} 19. Rac1 {[%emt 0:00:49]} Rac8 {[%emt 0:
09:43]} 20. f3 {[%emt 0:01:35]} Kf7 {[%emt 0:04:45]} 21. Kf2 {[%emt 0:00:14]}
e5 {[%emt 0:01:00]} 22. Nb4 {[%emt 0:04:47]} Nc5 {[%emt 0:06:57]} 23. Rfd1 {
[%emt 0:01:24]} Ke6 {[%emt 0:01:40]} 24. Nd5 {[%emt 0:05:55]} Rfd8 {[%emt 0:12:
46]} 25. Nc3 {[%emt 0:00:54]} Rxd1 {[%emt 0:13:01]} 26. Rxd1 {[%emt 0:00:26]}
Nb7 {[%emt 0:00:31]} 27. Rd3 {[%emt 0:05:45]} f5 {[%emt 0:01:59]} 28. e4 {
[%emt 0:03:02]} g6 {[%emt 0:01:06]} 29. exf5+ {[%emt 0:02:03]} gxf5 {[%emt 0:
00:07]} 30. g4 {[%emt 0:00:27]} Nd6 {[%emt 0:01:16]} 31. gxf5+ {[%emt 0:02:23]}
Nxf5 {[%emt 0:00:04]} 32. Rd2 {[%emt 0:02:47]} Rc4 {[%emt 0:07:56]} 33. Ne2 {
[%emt 0:07:12]} Rh4 {[%emt 0:04:49]} 34. Kg1 {[%emt 0:00:19]} Ne3 {[%emt 0:09:
30]} 35. Rd8 {[%emt 0:05:00]} Nd5 {[%emt 0:02:19]} 36. Re8+ {[%emt 0:03:57]}
Kf6 {[%emt 0:00:49]} 37. Ng3 {[%emt 0:00:56]} Rd4 {[%emt 0:00:16]} 38. Ne4+ {
[%emt 0:02:53]} Kf5 {[%emt 0:00:05]} 39. Kf2 {[%emt 0:01:06]} a5 {[%emt 0:01:
09]} 40. Rd8 {[%emt 0:07:46]} Nb4 {[%emt 0:01:13]} 41. Rf8+ {[%emt 0:01:54]}
Kg6 {[%emt 0:00:03]} 42. Rf6+ {[%emt 0:01:07]} Kg7 {[%emt 0:00:05]} 43. Rxb6 {
[%emt 0:01:16]} Nxa2 {[%emt 0:00:07]} 44. Rb5 {[%emt 0:05:41]} Rb4 {[%emt 0:01:
28]} 45. Rxa5 {[%emt 0:06:20]} Rxb2+ {[%emt 0:00:08]} 46. Kg3 {[%emt 0:01:53]}
Nc1 {[%emt 0:00:53]} 47. Rxe5 {[%emt 0:02:19]} Ne2+ {[%emt 0:00:52]} 48. Kg4 {
[%emt 0:00:32]} Nd4 {[%emt 0:02:20]} 49. h4 {[%emt 0:03:43]} Rg2+ {[%emt 0:04:
24]} 50. Ng3 {[%emt 0:01:57]} h5+ {[%emt 0:05:48]} 51. Kf4 {[%emt 0:02:23]} Rf2
{[%emt 0:02:40]} 52. Re3 {[%emt 0:07:22]} Kf7 {[%emt 0:01:03]} 53. Rd3 {
[%emt 0:02:56]} Ne6+ {[%emt 0:00:23]} 54. Ke5 {[%emt 0:01:51]} Nf8 {[%emt 0:00:
53]} 55. Kf5 {[%emt 0:04:38]} Ng6 {[%emt 0:06:18]} 56. Nxh5 {[%emt 0:01:34]}
Rxf3+ {[%emt 0:00:12]} 57. Rxf3 {[%emt 0:00:05]} Nxh4+ {[%emt 0:00:04]} 58.
Kg4+ {[%emt 0:00:05]} Nxf3 {[%emt 0:00:04]} 59. Kxf3 {[%emt 0:00:05]} 1/2-1/2

[Event "European Individual Championship - Reyk"]
[Site "Reykjavik, Iceland"]
[Date "2021.08.27"]
[Round "2.10"]
[White "Martirosyan, Haik M."]
[Black "Steingrimsson, Hedinn"]
[Result "1/2-1/2"]
[WhiteElo "2632"]
[BlackElo "2519"]
[PlyCount "89"]
[EventDate "2021.??.??"]

1. d4 {[%emt 0:08:45]} Nf6 {[%emt 0:00:07]} 2. c4 {[%emt 0:00:17]} e6 {[%emt 0:
00:19]} 3. Nf3 {[%emt 0:00:04]} d5 {[%emt 0:00:17]} 4. Nc3 {[%emt 0:00:14]} c6
{[%emt 0:02:10]} 5. Bg5 {[%emt 0:00:22]} h6 6. Bxf6 {[%emt 0:00:14]} Qxf6 {
[%emt 0:00:02]} 7. Qb3 {[%emt 0:00:38]} dxc4 {[%emt 0:04:15]} 8. Qxc4 {[%emt 0:
00:15]} Nd7 {[%emt 0:00:03]} 9. e3 {[%emt 0:00:37]} Qe7 {[%emt 0:07:05]} 10.
Be2 {[%emt 0:05:14]} Qb4 {[%emt 0:05:05]} 11. Qxb4 {[%emt 0:06:42]} Bxb4 {
[%emt 0:00:03]} 12. O-O {[%emt 0:01:02]} b6 {[%emt 0:19:01]} 13. Rac1 {[%emt 0:
02:55]} Bb7 {[%emt 0:00:25]} 14. a3 {[%emt 0:03:35]} Be7 {[%emt 0:01:35]} 15.
Rfd1 {[%emt 0:02:44]} O-O {[%emt 0:02:07]} 16. Ne1 {[%emt 0:07:16]} Rfc8 {
[%emt 0:06:30]} 17. Bf3 {[%emt 0:01:12]} Rab8 {[%emt 0:00:21]} 18. g3 {[%emt 0:
06:06]} g6 {[%emt 0:05:24]} 19. Bg2 {[%emt 0:04:42]} Kf8 {[%emt 0:03:28]} 20.
Rc2 {[%emt 0:02:08]} h5 {[%emt 0:02:40]} 21. h3 {[%emt 0:06:42]} a6 {[%emt 0:
08:56]} 22. Na4 {[%emt 0:10:21]} Ke8 {[%emt 0:07:27]} 23. Nd3 {[%emt 0:09:20]}
a5 {[%emt 0:06:28]} 24. Kf1 {[%emt 0:06:51]} c5 {[%emt 0:02:07]} 25. Bxb7 {
[%emt 0:01:05]} Rxb7 {[%emt 0:00:03]} 26. dxc5 {[%emt 0:00:15]} bxc5 {[%emt 0:
00:58]} 27. Rdc1 {[%emt 0:01:29]} Rcb8 {[%emt 0:01:44]} 28. Ke2 {[%emt 0:02:39]
} Rb3 {[%emt 0:03:52]} 29. Rc3 {[%emt 0:01:28]} R3b5 {[%emt 0:02:57]} 30. R1c2
{[%emt 0:00:47]} f5 {[%emt 0:01:40]} 31. Rc4 {[%emt 0:01:35]} Bd6 {[%emt 0:01:
18]} 32. e4 {[%emt 0:03:15]} Ke7 {[%emt 0:00:40]} 33. f4 {[%emt 0:01:03]} e5 {
[%emt 0:00:32]} 34. Rd2 {[%emt 0:07:09]} Rb3 {[%emt 0:05:43]} 35. fxe5 {
[%emt 0:04:42]} Nxe5 {[%emt 0:00:03]} 36. Nxe5 {[%emt 0:00:10]} Bxe5 37. Rxc5 {
[%emt 0:00:22]} R8b5 {[%emt 0:02:47]} 38. exf5 {[%emt 0:01:37]} gxf5 {[%emt 0:
00:08]} 39. Rdd5 {[%emt 0:01:29]} Rxc5 {[%emt 0:00:10]} 40. Rxc5 {[%emt 0:01:
17]} Kd6 {[%emt 0:01:26]} 41. Rxa5 {[%emt 0:02:55]} Rxg3 {[%emt 0:00:27]} 42.
Ra6+ {[%emt 0:04:00]} Kd5 {[%emt 0:03:08]} 43. Ra5+ {[%emt 0:03:58]} Kd6 {
[%emt 0:02:13]} 44. Ra6+ {[%emt 0:00:56]} Kd5 {[%emt 0:00:11]} 45. Ra5+ {
[%emt 0:00:25]} 1/2-1/2

[Event "European Individual Championship - Reyk"]
[Site "Reykjavik, Iceland"]
[Date "2021.08.27"]
[Round "2.12"]
[White "Nagy, Gabor"]
[Black "Paravyan, David"]
[Result "1/2-1/2"]
[WhiteElo "2518"]
[BlackElo "2631"]
[PlyCount "103"]
[EventDate "2021.??.??"]

1. d4 {[%emt 0:00:06]} Nf6 {[%emt 0:00:12]} 2. c4 {[%emt 0:00:30]} c5 3. Nf3 {
[%emt 0:02:06]} cxd4 {[%emt 0:00:07]} 4. Nxd4 {[%emt 0:00:16]} e5 {[%emt 0:00:
06]} 5. Nb5 {[%emt 0:00:34]} Nc6 {[%emt 0:00:06]} 6. N1c3 {[%emt 0:01:33]} d6 {
[%emt 0:00:09]} 7. Bg5 {[%emt 0:01:18]} a6 {[%emt 0:00:07]} 8. Bxf6 {[%emt 0:
00:34]} gxf6 {[%emt 0:00:06]} 9. Na3 {[%emt 0:00:14]} h5 {[%emt 0:00:09]} 10.
e3 {[%emt 0:02:10]} h4 {[%emt 0:00:06]} 11. Qd2 {[%emt 0:03:04]} f5 {[%emt 0:
01:01]} 12. O-O-O {[%emt 0:04:16]} Be6 {[%emt 0:01:28]} 13. Kb1 {[%emt 0:01:55]
} Qa5 {[%emt 0:06:00]} 14. Be2 {[%emt 0:05:08]} Rh6 {[%emt 0:04:55]} 15. Nc2 {
[%emt 0:06:03]} Rc8 {[%emt 0:00:30]} 16. Na1 {[%emt 0:05:28]} Qb4 {[%emt 0:12:
57]} 17. a3 {[%emt 0:04:40]} Qa5 {[%emt 0:03:46]} 18. Rc1 {[%emt 0:06:26]} e4 {
[%emt 0:17:59]} 19. Rhd1 {[%emt 0:02:05]} Bg7 {[%emt 0:18:54]} 20. Nb3 {
[%emt 0:06:44]} Qb6 {[%emt 0:02:07]} 21. Qc2 {[%emt 0:00:47]} Be5 {[%emt 0:05:
50]} 22. h3 {[%emt 0:13:51]} Rg6 {[%emt 0:01:23]} 23. Bf1 {[%emt 0:08:29]} Na5
{[%emt 0:00:53]} 24. Nxa5 {[%emt 0:05:43]} Qxa5 {[%emt 0:00:04]} 25. Qb3 {
[%emt 0:00:46]} b5 {[%emt 0:06:31]} 26. Nd5 {[%emt 0:00:22]} Kf8 {[%emt 0:03:
59]} 27. Nf4 {[%emt 0:02:30]} Bxf4 {[%emt 0:00:19]} 28. exf4 {[%emt 0:00:05]}
bxc4 {[%emt 0:01:38]} 29. Bxc4 {[%emt 0:00:11]} d5 {[%emt 0:03:37]} 30. Bxd5 {
[%emt 0:01:14]} Rxc1+ {[%emt 0:00:06]} 31. Kxc1 {[%emt 0:00:06]} Bxd5 {[%emt 0:
01:06]} 32. Rxd5 {[%emt 0:01:55]} Qe1+ {[%emt 0:00:14]} 33. Qd1 {[%emt 0:02:29]
} Qxf2 {[%emt 0:01:52]} 34. Rxf5 {[%emt 0:01:07]} Kg7 {[%emt 0:03:59]} 35. Kb1
{[%emt 0:01:11]} Rxg2 {[%emt 0:04:38]} 36. Qb3 {[%emt 0:00:19]} f6 {[%emt 0:00:
48]} 37. Rh5 {[%emt 0:02:40]} Qa7 {[%emt 0:00:20]} 38. Rxh4 {[%emt 0:00:59]}
Qd7 {[%emt 0:00:46]} 39. Rg4+ {[%emt 0:02:48]} Rxg4 {[%emt 0:00:04]} 40. hxg4 {
[%emt 0:00:05]} Qxg4 {[%emt 0:00:58]} 41. Qb7+ {[%emt 0:00:05]} Kg6 {[%emt 0:
03:43]} 42. Qxe4+ {[%emt 0:00:38]} Qf5 {[%emt 0:01:14]} 43. Qc2 {[%emt 0:00:24]
} Qxc2+ {[%emt 0:00:04]} 44. Kxc2 {[%emt 0:00:04]} Kf5 {[%emt 0:00:02]} 45. b4
{[%emt 0:00:36]} Kxf4 {[%emt 0:00:03]} 46. Kd3 {[%emt 0:01:16]} Ke5 {[%emt 0:
01:53]} 47. a4 {[%emt 0:00:14]} Kd5 {[%emt 0:00:22]} 48. b5 {[%emt 0:00:23]}
axb5 {[%emt 0:00:04]} 49. axb5 {[%emt 0:00:04]} Kc5 {[%emt 0:00:02]} 50. Ke4 {
[%emt 0:00:06]} Kxb5 {[%emt 0:00:02]} 51. Kf5 {[%emt 0:00:04]} Kc6 {[%emt 0:00:
03]} 52. Kxf6 {[%emt 0:00:05]} 1/2-1/2

[Event "European Individual Championship - Reyk"]
[Site "Reykjavik, Iceland"]
[Date "2021.08.27"]
[Round "2.13"]
[White "Vocaturo, Daniele"]
[Black "Blohberger, Felix"]
[Result "1-0"]
[WhiteElo "2630"]
[BlackElo "2502"]
[PlyCount "83"]
[EventDate "2021.??.??"]

1. e4 {[%emt 0:00:06]} c5 {[%emt 0:00:08]} 2. c3 {[%emt 0:00:33]} Nf6 {[%emt 0:
00:17]} 3. e5 {[%emt 0:00:27]} Nd5 {[%emt 0:00:06]} 4. Nf3 {[%emt 0:00:42]} Nc6
{[%emt 0:00:19]} 5. d4 {[%emt 0:01:19]} cxd4 {[%emt 0:00:12]} 6. cxd4 {[%emt 0:
00:07]} d6 {[%emt 0:00:07]} 7. Bc4 {[%emt 0:01:40]} dxe5 {[%emt 0:00:17]} 8.
dxe5 {[%emt 0:00:11]} Be6 {[%emt 0:00:12]} 9. O-O {[%emt 0:04:06]} Nc7 {
[%emt 0:00:30]} 10. Bxe6 {[%emt 0:03:50]} Nxe6 {[%emt 0:00:08]} 11. Qe2 {
[%emt 0:00:51]} g6 {[%emt 0:01:29]} 12. Rd1 {[%emt 0:03:05]} Qb8 {[%emt 0:13:
57]} 13. Nc3 {[%emt 0:03:23]} Bg7 {[%emt 0:00:09]} 14. Nd5 {[%emt 0:02:03]} O-O
{[%emt 0:02:13]} 15. Qe4 {[%emt 0:05:47]} Nxe5 {[%emt 0:13:21]} 16. Ng5 {
[%emt 0:02:33]} Nxg5 {[%emt 0:15:37]} 17. Nxe7+ {[%emt 0:00:49]} Kh8 {[%emt 0:
00:07]} 18. Bxg5 {[%emt 0:00:07]} Nc6 {[%emt 0:13:23]} 19. Rd7 {[%emt 0:13:30]}
Re8 {[%emt 0:09:52]} 20. Rad1 {[%emt 0:07:06]} Nxe7 {[%emt 0:13:59]} 21. Bxe7 {
[%emt 0:03:08]} Qe5 {[%emt 0:03:37]} 22. Qxe5 {[%emt 0:03:07]} Bxe5 {[%emt 0:
00:29]} 23. Rxb7 {[%emt 0:02:50]} Bxb2 {[%emt 0:00:53]} 24. Bg5 {[%emt 0:03:56]
} f6 {[%emt 0:03:12]} 25. Be3 {[%emt 0:01:07]} Red8 {[%emt 0:04:19]} 26. Rxd8+
{[%emt 0:00:47]} Rxd8 {[%emt 0:00:06]} 27. Kf1 {[%emt 0:00:56]} Bd4 {[%emt 0:
00:37]} 28. Bxd4 {[%emt 0:00:07]} Rxd4 {[%emt 0:00:05]} 29. Rxa7 {[%emt 0:00:
03]} Rd2 {[%emt 0:03:36]} 30. Ke1 {[%emt 0:08:08]} Rb2 {[%emt 0:00:04]} 31. a4
{[%emt 0:00:11]} Rb1+ {[%emt 0:01:35]} 32. Kd2 {[%emt 0:00:05]} Rb2+ {[%emt 0:
00:04]} 33. Ke3 {[%emt 0:00:09]} Rb3+ {[%emt 0:00:08]} 34. Kd4 {[%emt 0:00:55]}
Rb2 {[%emt 0:00:05]} 35. a5 {[%emt 0:01:03]} Rxf2 {[%emt 0:00:04]} 36. a6 {
[%emt 0:00:07]} Ra2 {[%emt 0:01:51]} 37. Kd5 f5 {[%emt 0:00:46]} 38. Ke5 {
[%emt 0:02:22]} h6 {[%emt 0:00:21]} 39. g3 {[%emt 0:01:04]} Kg8 {[%emt 0:01:11]
} 40. Kf6 {[%emt 0:00:17]} g5 {[%emt 0:00:30]} 41. Kxf5 {[%emt 0:00:31]} Kf8 {
[%emt 0:02:56]} 42. Kg6 {[%emt 0:00:58]} 1-0

[Event "European Individual Championship - Reyk"]
[Site "Reykjavik, Iceland"]
[Date "2021.08.27"]
[Round "2.14"]
[White "Kozak, Adam"]
[Black "Yilmaz, Mustafa"]
[Result "1/2-1/2"]
[WhiteElo "2504"]
[BlackElo "2630"]
[PlyCount "108"]
[EventDate "2021.??.??"]

1. e4 {[%emt 0:00:24]} c5 {[%emt 0:00:09]} 2. Nf3 {[%emt 0:00:10]} d6 {[%emt 0:
00:05]} 3. d4 {[%emt 0:00:07]} cxd4 {[%emt 0:00:04]} 4. Nxd4 {[%emt 0:00:09]}
Nf6 {[%emt 0:00:05]} 5. Nc3 {[%emt 0:00:09]} a6 {[%emt 0:00:05]} 6. Bg5 {
[%emt 0:00:08]} e6 {[%emt 0:00:05]} 7. f4 {[%emt 0:01:12]} Qb6 {[%emt 0:00:04]}
8. Qd2 {[%emt 0:00:33]} Qxb2 {[%emt 0:00:20]} 9. Rb1 {[%emt 0:00:02]} Qa3 {
[%emt 0:00:05]} 10. e5 {[%emt 0:01:32]} h6 {[%emt 0:00:44]} 11. Bh4 {[%emt 0:
00:20]} dxe5 {[%emt 0:00:14]} 12. fxe5 {[%emt 0:00:07]} g5 {[%emt 0:00:08]} 13.
Bf2 {[%emt 0:00:22]} Ng4 {[%emt 0:00:15]} 14. Bg3 {[%emt 0:00:09]} Bg7 {
[%emt 0:00:22]} 15. Bb5+ {[%emt 0:06:39]} Nd7 {[%emt 0:00:05]} 16. Bxd7+ {
[%emt 0:39:12]} Bxd7 {[%emt 0:00:33]} 17. Rb3 {[%emt 0:04:37]} Qa5 {[%emt 0:00:
28]} 18. Rxb7 {[%emt 0:00:25]} Nxe5 {[%emt 0:05:07]} 19. O-O {[%emt 0:03:30]}
Rc8 {[%emt 0:06:45]} 20. Nf5 {[%emt 0:08:24]} exf5 {[%emt 0:00:09]} 21. Bxe5 {
[%emt 0:00:23]} O-O {[%emt 0:00:24]} 22. Bxg7 {[%emt 0:01:14]} Kxg7 {[%emt 0:
00:28]} 23. Qd4+ {[%emt 0:07:37]} Kg6 {[%emt 0:01:08]} 24. Nd5 {[%emt 0:01:35]}
Be6 {[%emt 0:01:16]} 25. Ne7+ {[%emt 0:09:25]} Kh7 {[%emt 0:00:05]} 26. Nxc8 {
[%emt 0:00:22]} Rxc8 {[%emt 0:00:05]} 27. Rb2 {[%emt 0:11:44]} Kg6 {[%emt 0:14:
07]} 28. h3 {[%emt 0:00:36]} Rc4 {[%emt 0:05:58]} 29. Qf2 {[%emt 0:03:03]} Re4
{[%emt 0:09:12]} 30. Rbb1 {[%emt 0:00:30]} Qxa2 {[%emt 0:01:25]} 31. Rbe1 {
[%emt 0:00:31]} Ra4 {[%emt 0:10:20]} 32. Re5 {[%emt 0:00:15]} f4 {[%emt 0:08:
40]} 33. Rfe1 {[%emt 0:00:27]} Rb4 {[%emt 0:06:58]} 34. Qd2 {[%emt 0:00:31]}
Qc4 {[%emt 0:06:20]} 35. Qd6 {[%emt 0:00:45]} Qd4+ {[%emt 0:03:58]} 36. Qxd4 {
[%emt 0:00:07]} Rxd4 {[%emt 0:00:04]} 37. R5e4 {[%emt 0:00:54]} Rd6 {[%emt 0:
01:31]} 38. Ra4 {[%emt 0:00:30]} Rc6 {[%emt 0:07:16]} 39. c4 {[%emt 0:00:02]}
Kf6 {[%emt 0:02:40]} 40. Rc1 {[%emt 0:00:58]} Bd7 {[%emt 0:08:17]} 41. c5 {
[%emt 0:02:08]} Re6 {[%emt 0:02:29]} 42. Rd4 {[%emt 0:02:13]} Bb5 {[%emt 0:02:
18]} 43. Rd8 {[%emt 0:07:48]} a5 {[%emt 0:03:21]} 44. Ra8 {[%emt 0:07:04]} a4 {
[%emt 0:00:53]} 45. Rb1 {[%emt 0:00:57]} Bc6 {[%emt 0:02:15]} 46. Ra6 {[%emt 0:
00:10]} Ke5 {[%emt 0:02:42]} 47. Rd1 {[%emt 0:01:22]} h5 {[%emt 0:02:36]} 48.
Ra7 {[%emt 0:03:07]} f5 {[%emt 0:08:10]} 49. Ra6 h4 {[%emt 0:05:18]} 50. Re1+ {
[%emt 0:00:33]} Be4 {[%emt 0:00:12]} 51. c6 {[%emt 0:00:20]} Re7 {[%emt 0:00:
39]} 52. Rxa4 {[%emt 0:01:25]} Rc7 {[%emt 0:04:38]} 53. Ra6 {[%emt 0:01:29]}
Kd6 {[%emt 0:02:00]} 54. Rd1+ {[%emt 0:00:20]} Ke5 {[%emt 0:00:40]} 1/2-1/2